| 000 | 00436nam a2200097Ia 4500 | ||
|---|---|---|---|
| 008 | 180130s9999 xx 000 0 und d | ||
| 245 |
_cLoewen, Gabriel; Galloway, Jeffrey; Robinson, Jeffrey; Hong, Xiaoyan; Vrbsky, Susan _aTHUNDER: helping underfunded NPO's distribute electronic resources |
||
| 260 | _c2016 | ||
| 300 | _aBook title: Cloud architecture and engineering--Acession number C20554; pages 102-116 | ||
| 650 | _aCLOUD ARCHITECTURE | ||
| 999 |
_c353838 _d353838 |
||